Inventory control: Theory and practice (Record no. 35664)

MARC details
000 -LEADER
fixed length control field 00369nam a2200145Ia 4500
008 - FIXED-LENGTH DATA ELEMENTS--GENERAL INFORMATION
fixed length control field 230917s9999||||xx |||||||||||||| ||und||
040 ## - CATALOGING SOURCE
-- 37878
Original cataloging agency VIVEKANANDA LIBRARY
041 ## - Language
-- English
082 ## - DDC NUMBER
Classification number 658.787 S28I
100 ## - MAIN ENTRY--PERSONAL NAME
Personal name Starr, Martin K
245 #0 - TITLE STATEMENT
Title Inventory control: Theory and practice
260 ## - PUBLICATION, DISTRIBUTION, ETC. (IMPRINT)
Place of publication, distribution, etc New Delhi
Name of publisher, distributor, etc Prentice-Hall
Date of publication, distribution, etc 1974
300 ## - PHYSICAL DESCRIPTION
Pages ix, 354 p.
942 ## - ADDED ENTRY ELEMENTS (KOHA)
Koha item type Books
Holdings
Withdrawn status Lost status Damaged status Not for loan Location (home branch) Sublocation or collection (holding branch) Date acquired Koha issues (times borrowed) Koha full call number Accession No. Koha date last seen Koha item type Shelving location Source of classification or shelving scheme
        VIVEKANANDA LIBRARY VIVEKANANDA LIBRARY 29/08/2002   658.787 S28I 1010 17/09/2023 Books    
        VIVEKANANDA LIBRARY VIVEKANANDA LIBRARY 29/08/2002   658.787 S28I 92541 17/09/2023 Books IMSAR Library  
Withdrawn   Damaged   VIVEKANANDA LIBRARY VIVEKANANDA LIBRARY 29/08/2002   658.787 S28I 92542 17/09/2023 Books IMSAR Library Dewey Decimal Classification
Withdrawn   Damaged   VIVEKANANDA LIBRARY VIVEKANANDA LIBRARY 29/08/2002   658.787 S28I 92543 17/09/2023 Books IMSAR Library Dewey Decimal Classification
        VIVEKANANDA LIBRARY VIVEKANANDA LIBRARY 29/08/2002   658.787 S28I BB1008 17/09/2023 Books IMSAR Library  
Withdrawn   Damaged   VIVEKANANDA LIBRARY VIVEKANANDA LIBRARY 29/08/2002   658.787 S28I BB1009 17/09/2023 Books IMSAR Library Dewey Decimal Classification
© Designed and Maintained by Vivekananda Library, MDU Rohtak